Doctor Who: Eighth Doctor Big Finish Box Sets - Statistics

General Stats
  • This quiz has been taken 2 times
  • The average score is 33 of 84
Answer Stats
Hint Answer % Correct
3.3 Masterplan
100%
1.2 The Red Lady
100%
3.1 Absent Friends
50%
4.1 A Life in The Day
50%
2.1 Beachhead
50%
2.2 Better Watch Out
50%
3.2 Companion Piece
50%
4.3 Day of The Master Part 1
50%
4.4 Day of The Master Part 2
50%
3.1 Deeptime Frontier
50%
4.3 Dreadshade
50%
1.2 Echoes of War
50%
2.1 Escape from Kaldor
50%
4.4 Eyes of Darkness
50%
2.4 Eyes of The Master
50%
2.3 Fairytale of Salzburg
50%
1.2 Fugitive
50%
3.3 Fugitive in Time
50%
1.2 How to Make a Killing in Time Travel
50%
2.3 In The Garden of Death
50%
2.4 Jonah
50%
3.3 L.E.G.E.N.D
50%
4.3 Master of The Daleks
50%
1.4 One Life
50%
4.1 Palindrome Part 1
50%
4.2 Palindrome Part 2
50%
2.2 Planet of the Ogrons
50%
4.4 Restoration of The Daleks
50%
3.4 Rule of The Eminence
50%
2.2 Scenes From Her Life
50%
2.4 Seizure
50%
4.1 Ship in a Bottle
50%
4.2 Songs of Love
50%
3.1 State of Bliss
50%
4.4 Stop the Clock
50%
1.4 Sweet Salvation
50%
1.3 Tangled Web
50%
1.3 The Conscript
50%
3.4 The Crucible of Souls
50%
3.1 The Death of Hope
50%
3.3 The Doomsday Chronometer
50%
3.2 The Eighth Piece
50%
1.1 The Eleven
50%
3.2 The Famished Lands
50%
1.3 The Galileo Trap
50%
2.3 The Gift
50%
1.1 The Great War
50%
1.1 Their Finest Hour
50%
2.1 The Lords of Terror
50%
3.4 The Odds Against
50%
3.2 The Reviled
50%
1.4 The Satanic Mill
50%
4.3 The Side of the Angels
50%
2.4 The Sonomancer
50%
1.1 The Starship of Theseus
50%
2.1 The Traitor
50%
3.4 The War Valeyard
50%
2.2 The White Room
50%
2.3 Time's Horizon
50%
2.2 UNIT Dating
50%
4.1 Whisper
50%
1.3 World of Damnation
50%
1.4 X and The Daleks
50%
2.3 Baker Street Irregulars
0%
4.4 Best Year Ever
0%
4.1 Crossed Lines
0%
4.2 Day of Dust
0%
2.1 Dead Time
0%
1.4 Divine Intervention
0%
4.2 Get Andy
0%
1.1 Lost Property
0%
5.1 Meanwhile, Elsewhere
0%
1.3 Must-See TV
0%
3.1 Patience
0%
5.3 Previously, Next Time Part 1
0%
5.4 Previously, Next Time Part 2
0%
3.3 Snow
0%
4.3 The Keys of Baker Street
0%
2.4 The Long Way Round
0%
4.2 The Monster of Montmarte
0%
3.2 Twisted Folklore
0%
5.2 Vespertine
0%
3.4 What Just Happened?
0%
1.2 Wild Animals
0%
No matching quizzes found
Score Distribution
Percent of People with Each Score
Percentile by Number Answered
Your Score History
You have not taken this quiz